| Tag |
First Indicator |
Second Indicator |
Subfields |
| LEADER |
00000cam a2200000Ia 4500 |
| 001 |
in00004493713 |
| 005 |
20191203082029.0 |
| 008 |
840104s1992 nyua 001 0 eng d |
| 010 |
|
|
|z 83027510
|
| 020 |
|
|
|z 0671763423 (pbk.) :
|c $11.00
|
| 035 |
|
|
|a (OCoLC)ocm27662000
|
| 035 |
|
|
|z (UtOrBLW)30337
|
| 035 |
|
|
|a 45260
|
| 040 |
|
|
|a JDP
|c JDP
|d TCA
|d BKL
|d OCL
|d UtOrBLW
|
| 049 |
|
|
|a TMVM
|c 1
|
| 092 |
|
|
|a 611
|b B516h
|
| 096 |
|
|
|a QS 130
|b B516h 1992
|
| 100 |
1 |
|
|a Berman, William.
|
| 245 |
1 |
0 |
|a How to dissect :
|b exploring with probe and scalpel /
|c William Berman.
|
| 250 |
|
|
|a Fourth edition.
|
| 264 |
|
1 |
|a New York :
|b Simon & Schuster,
|c 1992.
|
| 300 |
|
|
|a xii, 223 pages :
|b illustrations ;
|c 23 cm.
|
| 336 |
|
|
|a text
|2 rdacontent
|b txt
|
| 337 |
|
|
|a unmediated
|2 rdamedia
|
| 338 |
|
|
|a volume
|2 rdacarrier
|b nc
|
| 500 |
|
|
|a "A Fireside book."
|
| 500 |
|
|
|a "1st Fireside edition"--Title page verso.
|
| 500 |
|
|
|a Includes index.
|
| 520 |
|
|
|a A guide for dissecting animals, beginning with the earthworm and progressing to more complex anatomies such as grasshopper, starfish, perch, and ultimately a fetal pig. Includes a chapter on dissecting flowers.
|
| 650 |
|
2 |
|a Dissection.
|
| 999 |
|
|
|a MARS
|
| 999 |
f |
f |
|s ffbfd968-3bbc-35e8-bbc8-9c2922719975
|i f4583a8c-8ac6-30b2-a023-42e0312a99ed
|t 0
|
| 952 |
f |
f |
|p ric
|a Texas A&M University
|b Rellis Campus
|c Joint Library Facility
|d Remote Storage
|t 0
|e QS 130 B516h 1992
|h National Library of Medicine classification
|i unmediated -- volume
|m 323890169264A
|
| 998 |
f |
f |
|a QS 130 B516h 1992
|t 0
|l Remote Storage
|